College Quizbowl Stats
College Quizbowl Stats
Circuits
Seasons
Sets
Records
Detailed Stats
About
Loading...
2023 ARCADIA at Claremont Colleges
Tossups
Bonuses
Players
Teams
Categories (Tossup)
Categories (Bonus)
Kethan Raman
Auxiliary Lockhouse Cookie Universe
Categories
Category
Powers
Gets
Negs
BBs
Points
Earliest Buzz
Avg. Buzz
First Buzzes
Top 3 Buzzes
History - European History
0
1
0
0
10
80
80.00
1
1
Literature - European Literature
0
1
0
1
10
150
150.00
1
1
Philosophy
0
1
0
1
10
110
110.00
1
1
0
1
0
1
10
138
138.00
1
1
Beliefs
1
0
2
0
5
66
66.00
1
1
Geography
0
0
1
0
-5
0.00
0
0
Buzzes
Category
Answer
Value
Buzz Position
Beliefs
eating
-5
59
Geography
Thailand
-5
66
Beliefs
bridges
15
66
Beliefs
zakat
-5
74
History - European History
Normans
10
80
Philosophy
Stoicism
10
110
falcons
10
138
Literature - European Literature
Anton Chekhov
10
150
Previous
1
Next